Statistiques concernant Dates - Le temps des empires

Cliquez ici pour prendre le quiz!

Statistiques générales

  • Ce quiz a été pris 48 fois
  • Le résultat moyen est 6 sur 38

Statistiques - réponses

EvènementPrécisionDate% Correct
Arrivée de la première expédition de Christophe Colomb en AmériqueAnnée1492
98%
Abolition de l'esclavage pendant la Révolution françaiseAnnée1793
73%
Napoléon Bonaparte rétablit l'esclavage en FranceAnnée1802
71%
Abolition de l'esclavage en France par la Deuxième RépubliqueAnnée1848
44%
Traité de Tordesillas pour le partage du Nouveau MondeAnnée1494
38%
Incident du "coup d'éventail" entre le bey d'Alger et le consul françaisAnnée1827
29%
Interdiction de la traite par le Royaume-UniAnnée1807
24%
Doctrine MonroeAnnée1823
24%
Inauguration du Canal de SuezAnnée1869
24%
Alliance franco-russeAnnée1892
24%
Indépendance du VenezuelaAnnée1811
20%
Indépendance du ChiliAnnée1818
20%
Otto von Bismarck quitte le pouvoir en AllemagneAnnée1890
20%
Autorisation par Charles Quint d'importer des esclaves africains en AmériqueAnnée1518
18%
Abolition de l'esclavage au Royaume-UniAnnée1833
18%
Première Constitution mexicaineAnnée1824
13%
Annexion du Royaume d'Assam par le Royaume-UniAnnée1826
11%
Début de la conquête du Tonkin par la FranceAnnée1883
11%
Corollaire Roosevelt appliqué à la Doctrine MonroeAnnée1904
11%
Annexion du Pendjab par le Royaume-UniAnnée1849
9%
Expédition française sur le Haut-NilAnnée1894
9%
Achèvement de la conquête française de l'Algérie par la prise de contrôle du SaharaAnnée1902
9%
Intervention britannique en Egypte, soutien du Pacha face à la FranceAnnée1882
7%
Annexion de la Birmanie par le Royaume-UniAnnée1886
7%
Sac d'Alger par les troupes françaisesMois et annéeJuillet 1830
7%
Conférence de BerlinMois et annéeNovembre 1884-
février 1885
2%
Arrivée du Général Marchand à FachodaJour, mois et année10 juillet 1898
0%
Départ du Général Marchand de Fachoda après des négociations diplomatiquesJour, mois et année11 décembre 1898
0%
Signature du traité de Bardo par Jules Ferry et le dey de Tunis, création du protectorat tunisienJour, mois et année12 mai 1881
0%
Installation du Général Marchand à DjiboutiJour, mois et année16 mai 1899
0%
Arrivée du Général britannique Kitchener à FachodaJour, mois et année18 septembre 1898
0%
Visite du roi britannique Edward VII à ParisJours, mois et année1er-4 mai 1903
0%
Envoi du navire militaire allemand Panther au large des côtes
marocaines, par crainte d'une prise de possession française
Jour, mois et année1er juillet 1911
0%
Visite de l'Empereur d'Allemagne Guillaume II à TangerJour, mois et année31 mars 1905
0%
Accords bilatéraux de l'Entente cordialeJour, mois et année8 avril 1904
0%
Alliance anglo-russe, création de la Triple EntenteMois et annéeAoût 1907
0%
Conférence d'Algésiras sur la question marocaineMois et annéeJanvier-avril 1906
0%
Départ du Général Jean-Baptiste Marchand de Loangomois et annéejuillet 1896
0%

Distribution des résultats

Percentile par nombre de réponses

% des personnes avec chaque résultat

Votre développement - résultats

Vous n’avez pas pris ce quiz